New Testament Foundations for Ministry / (Record no. 4134)

MARC details
000 -LEADER
fixed length control field 00551nam a22001937a 4500
003 - CONTROL NUMBER IDENTIFIER
control field GBCCL
005 - DATE AND TIME OF LATEST TRANSACTION
control field 20241126110511.0
008 - FIXED-LENGTH DATA ELEMENTS--GENERAL INFORMATION
fixed length control field 180115b xxu||||| |||| 00| 0 eng d
020 ## - INTERNATIONAL STANDARD BOOK NUMBER
International Standard Book Number 0551010053
040 ## - CATALOGING SOURCE
Transcribing agency gbc
082 ## - DEWEY DECIMAL CLASSIFICATION NUMBER
Classification number 225.04
Item number KRU
100 ## - MAIN ENTRY--PERSONAL NAME
Personal name Kruse, Colin G.
9 (RLIN) 7894
245 ## - TITLE STATEMENT
Title New Testament Foundations for Ministry /
Statement of responsibility, etc. Colin G. Kruse
260 ## - PUBLICATION, DISTRIBUTION, ETC.
Name of publisher, distributor, etc. Marshall Morgan & Scott,
Place of publication, distribution, etc. United Kingdom:
Date of publication, distribution, etc. 1986
300 ## - PHYSICAL DESCRIPTION
Extent 236 p.;
Dimensions 22 cm.
490 ## - SERIES STATEMENT
Series statement Marshalls Theological Library
650 ## - SUBJECT ADDED ENTRY--TOPICAL TERM
Topical term or geographic name entry element Bible
Form subdivision New Testament
9 (RLIN) 7309
942 ## - ADDED ENTRY ELEMENTS (KOHA)
Source of classification or shelving scheme Dewey Decimal Classification
Koha item type Books
Koha issues (borrowed), all copies 6
Holdings
Withdrawn status Lost status Source of classification or shelving scheme Damaged status Not for loan Home library Current Library Shelving location Date acquired Total checkouts Full call number Barcode Date last seen Date last checked out Copy number Price effective from Koha item type
    Dewey Decimal Classification     GRACE BIBLE COLLEGE GRACE BIBLE COLLEGE Biblical Studies 2018-01-15 6 225.04 KRU 003157 2025-05-01 2019-11-05 c.1 2018-01-15 Books
© Grace Bible College Library 2025